000 00801nam a2200217Ia 4500
999 _c39914
_d39914
001 6519
003 GE_BSU
005 20191021162316.0
008 181216s1991||||ge |||||||||||||| ||geo||
040 _cGE_BSU
041 _ageo
080 _a82-93 ბ-95
100 _aბუაჩიძე, თენგიზ
_94901
245 _aთეგას წიგნი :
_bმოთხრობები /
_cთენგიზ ბუაჩიძე ; რედ. ჯ. ბაჯელიძე.
264 _aთბილისი :
_bნაკადული ;
_c1991.
300 _a30 გვ. ;
_c20 სმ.
653 _aთეგას წიგნი
653 _aმოთხრობები
700 _aბაჯელიძე, ჯ.
_eრედაქტორი
_93694
942 _cBK
_2udc